| 000 | 00551 a2200181 4500 | ||
|---|---|---|---|
| 999 |
_c41483 _d41483 |
||
| 003 | OSt | ||
| 005 | 20220723114207.0 | ||
| 008 | 220723b ||||| |||| 00| 0 eng d | ||
| 020 | _a9789390538140 | ||
| 040 | _coclc | ||
| 082 |
_a658.83 _bALF/D |
||
| 100 |
_99051 _aAlfan, Mohammed |
||
| 245 |
_aData analytics _bfor beginners ...pivot to the rescue / _cMohammed Alfan |
||
| 250 | _a1st ed | ||
| 260 |
_aKerala: _bSkills to succeed by ALFan, _c2020. |
||
| 300 | _a80 pages | ||
| 942 |
_2ddc _cBK _h001.422 _iALF/D _k001.422 _mALF/D |
||